000 01145nam0a2200289 4500
001 RU\NLR\BIBL_A\011318615
005 20250626042755.0
035 _a(NLR Aleph) 011318615
090 _a11064719
_c11064719
100 _a20170201d1927 |||y0rusy50 ca
101 0 _asah
102 _aRU
105 _aa z 000 y
200 1 _aЙэлэргэ сүбэ - ама
_eньирэй оҕону оҕолуур, аhатар, бэйэни хайдах туттар туһунан
_fТиит Сосин
210 _aЯкутскай
_c"Ыраас олох" таһаарыыта
_d1927
215 _a47,[1] c.
_cил.
_d18
300 _aЛатин. графика
541 1 _a[Советы матерям
_eпо ухаживанию, кормлению грудных детей]
_zrus
606 1 _aГрудные дети
_xУход за ними
_9967486
_3RU\NLR\AUTH\66362334
686 1 _aР11(2)594
686 1 _aР732
700 1 _aСосин
_bТ. Е.
_f1887-1941
_gТит Егорович
_4070
852 _aNLR
_bОНЛ
_jЯкут./2-874
852 _aNLR
_bОНЛ
_jЯкут./2-874
942 _cBOOK
980 _aNB